000 01189nam a2200337Ia 4500
001 ebr10409228
003 CaPaEBR
006 m u
007 cr cn|||||||||
008 100503s2010 kyu s s001 0 eng d
010 _z 2010017512
020 _z9780813125992
040 _aCaPaEBR
_cCaPaEBR
035 _a(OCoLC)680621032
050 1 4 _aPS3553.R7855
_bN48 2010eb
082 0 4 _a811/.54
_222
100 1 _aCrunk, Tony.
245 1 0 _aNew covenant bound
_h[electronic resource] /
_cT. Crunk.
260 _aLexington, Ky. :
_bUniversity Press of Kentucky,
_cc2010.
300 _a95 p.
490 1 _aKentucky voices
500 _aIncludes index.
533 _aElectronic reproduction.
_bPalo Alto, Calif. :
_cebrary,
_d2011.
_nAvailable via World Wide Web.
_nAccess may be limited to ebrary affiliated libraries.
650 0 _aPoetry.
651 0 _aKentucky
_vPoetry.
651 0 _aLand Between the Lakes (Ky. and Tenn.)
_vPoetry.
655 7 _aElectronic books.
_2local
710 2 _aebrary, Inc.
830 0 _aKentucky voices.
856 4 0 _uhttp://site.ebrary.com/lib/rucke/Doc?id=10409228
_zAn electronic book accessible through the World Wide Web; click to view
999 _c80292
_d80292